| 000 | 00000nam##2200000za#4500 |
| 001 | 9.639673 |
| 003 | CaOODSP |
| 005 | 20220107134005 |
| 007 | cr ||||||||||| |
| 008 | 150407|1994||||xxc|||||o f|0| 0 fre|d |
| 040 | |aCaOODSP|bfre |
| 043 | |an-cn--- |
| 086 | 1 |aH72-21/100-1994F-PDF |
| 110 | 2 |aCentre national d'information sur la violence dans la famille (Canada) |
| 245 | 13|aLa violence au sein des collectivités autochtones / |h[ressource électronique]|cpar Emma D. LaRocque. |
| 260 | |bSanté Canada. |cMars 1994. |
| 300 | |a22p.|bréférences |
| 500 | |a«Reproduit du livre «Sur le chemin de la guérison» avec l'autorisation de Commission royale sur les peuples autochtones»--p.2 de 22. Le n° de catalogue (H72-21/100-1994-F) et l'ISBN (0-662-98963-5) de l'édition imprimée ont été incorrectement copiés dans l'édition électronique. |
| 590 | |a12-08-Supp|b2012-03-16 |
| 691 | 07|aViolence familiale|2gcpds |
| 691 | 07|aAutochtones|2gcpds |
| 720 | 1 |aLaRocque, Emma D. |
| 775 | 08|tViolence in Aboriginal communities / |w(CaOODSP)9.695542 |
| 776 | 0#|tLa violence au sein des collectivités autochtones / |w(CaOODSP)9.679161 |
| 856 | 40|ahttp://publications.gc.ca|qPDF|s288 Ko|uhttps://publications.gc.ca/collections/Collection/H72-21-100-1994F.pdf |